000 00885nam a22003017a 4500
001 BR8703712
003 BR-BrBNA
005 20230928092625.0
007 ta
008 230509b bl.||||| |||| 00| 0 por d
040 _aBR-BrBNA
_bpor
_cBiblioteca Nacional de Agricultura
041 _a(Por)
072 _aF01; E70
_b9320
_b8961
_b/G514
090 _ 9320 BR8703712
110 1 _aCooperativa Central dos Produtores de Acucar e Alcool do Estado de Sao Paulo, Sao Paulo (Brasil)
_92827
245 1 _aAspectos economicos da producao de acucar e alcool: periodo 1977/79
260 3 _aSao Paulo, SP (Brasil):
_c1979.
300 _a93 p.
500 _a47 tables; 18 ref.; 21 graphs
650 _aACUCAR
650 _aALCOOL
650 _aPRODUCAO VEGETAL
650 _aCUSTO
650 _aPRECO
650 _aMERCADO
909 _a202309
_bLucia
_c55
_dLucia Elande
942 _cBK
999 _c40224
_d40224